English Monarchs Quiz - Extreme Difficulty - Statistics

General Stats
  • This quiz has been taken 181 times
  • The average score is 39 of 63
Answer Stats
Name % Correct
Charles III
96%
Elizabeth II
96%
Victoria
93%
Edward VIII
89%
George VI
89%
Henry VIII
88%
Edward VII
86%
Elizabeth I
86%
George V
86%
Mary I
86%
Henry VII
85%
George II
84%
George III
84%
George IV
84%
George I
81%
Anne
80%
James I
80%
Charles II
79%
Edward VI
79%
Charles I
78%
William I
77%
Richard III
75%
James II
74%
Oliver Cromwell
74%
William II
73%
Stephen of Blois
72%
William III
72%
William IV
72%
Edward V
69%
Henry I
69%
Mary II
69%
Henry V
68%
Henry II
67%
Henry IV
67%
John Lackland
67%
Henry VI
65%
Richard I
65%
Henry VI
64%
Richard II
64%
Edward III
63%
Henry III
63%
Edward I
62%
Edward II
62%
Edward IV
62%
Harold Godwinson
59%
Edward IV
58%
Richard Cromwell
43%
Edward the Confessor
42%
Alfred The Great
37%
Cnut
36%
Harthacnut
26%
Æthelstan
25%
Sweyn
22%
Æthelred the Unready
21%
Edward The Elder
21%
Harold Harefoot
21%
Æthelred the Unready
20%
Edmund Ironside
20%
Eadred
16%
Edward the Martyr
16%
Eadwig
15%
Edmund I
15%
Edgar the Peaceful
14%
No matching quizzes found
Score Distribution
Percent of People with Each Score
Percentile by Number Answered
Your Score History
You have not taken this quiz